Regionálne účty a ukazovatele
Rozhodujúca úloha regionálnych účtov pri formulovaní, posudzovaní a hodnotení regionálnej politiky Európskej únie. Základné charakteristiky regionálnych účtov, vrátane definovania štatistických jednotiek, základných princípov a metód na alokovanie vybraných agregátov národných účtov do jednotlivých...
Gespeichert in:
| 1. Verfasser: | |
|---|---|
| Format: | Buchkapitel |
| Sprache: | Slowakisch |
| Schlagworte: | |
| Tags: |
Keine Tags, Fügen Sie das erste Tag hinzu!
|
MARC
| LEADER | 00000naa a2200000 4500 | ||
|---|---|---|---|
| 001 | r032997 | ||
| 005 | 20230906072454.6 | ||
| 041 | 0 | |a slo | |
| 044 | |a SK | ||
| 245 | 1 | 0 | |a Regionálne účty a ukazovatele |c Jiřina Lapišáková |
| 520 | |a Rozhodujúca úloha regionálnych účtov pri formulovaní, posudzovaní a hodnotení regionálnej politiky Európskej únie. Základné charakteristiky regionálnych účtov, vrátane definovania štatistických jednotiek, základných princípov a metód na alokovanie vybraných agregátov národných účtov do jednotlivých regiónov. | ||
| 610 | 2 | 0 | |a politika regionálna |
| 610 | 2 | 0 | |a účty národné |
| 610 | 2 | 0 | |a regióny |
| 610 | 2 | 0 | |a zmeny štruktúrne |
| 610 | 2 | 0 | |a štatistika |
| 610 | 2 | 0 | |a Slovensko |
| 610 | 2 | 0 | |a Európska únia |
| 100 | 1 | |a Lapišáková, Jiřina | |